Yo soy el diego de la gente /

Guardado en:
Autor Principal: Arcucci, Daniel
Otros Autores: Cherquis Bialo, Ernesto
Formato: Libro
Publicado: Buenos Aires : Planeta, 2000
Edición:4a. ed.
Materias:
Etiquetas: Agregar Etiqueta
Sin Etiquetas, Sea el primero en etiquetar este registro!
LEADER 00631nam a22002175a 4500
001 CEM.cems010589
005 20080508101623.0
008 130507s2000##################000#0#####d
003 CEMS
020 |a 9504902286 
082 0 4 |a 927 
100 1 |a Arcucci, Daniel 
245 1 0 |a Yo soy el diego de la gente /  |c Daniel Arcucci y Ernesto Cherquis Bialo 
250 |a 4a. ed. 
260 |a Buenos Aires :  |b Planeta,  |c 2000 
300 |a 319 p. 
653 |a Biografías 
653 |a Deportes 
653 |a Maradona, diego armando-biografía 
700 1 |a Cherquis Bialo, Ernesto 
859 |a CEMS  |b BIB. CEMS - 11 de abril  |h 927  |i M323ar  |p 16364.91  |t Ej.1